| 000 | 02245nam a22003137a 4500 | ||
|---|---|---|---|
| 005 | 20120629153232.0 | ||
| 020 |
_a9780144000142 (V.I) _c650.00 |
||
| 035 | _aB-458774-783 | ||
| 037 |
_aDPL _bK.K.Pub/Ven |
||
| 082 | _aS | ||
| 100 |
_aChattopadhyay, Saratchandra _949907 |
||
| 245 |
_aThe Sarachandra Omnibus/ _cBy Saratchandra Chattopadhyay |
||
| 260 |
_aNew Delhi _bPenguin Pub _c2005 |
||
| 270 | _a11 Community Centre, Panchsheel Park | ||
| 300 |
_a738pg _c21cm |
||
| 500 | _aV.I | ||
| 942 |
_2ddc _cEN _hS _mCHA |
||
| 999 |
_c68270 _d68270 |
||